Tablice rejestracyjne miast /powiatów w woj.lubuskim - Statystyki

Ogólne statystyki
  • Ten quiz został rozwiązany 604 razy
  • Średni wynik to 13 z 14
Statystyki odpowiedzi
Miasto / powiat Rejestracja % Poprawnych
Gorzów Wielkopolski FG
99%
Zielona Góra FZ
99%
powiat gorzowski FGW
95%
powiat słubicki FSL
95%
powiat świebodziński FSW
95%
powiat żarski FZA
95%
powiat krośnieński FKR
94%
powiat strzelecko-drezdenecki FSD
94%
powiat sulęciński FSU
94%
powiat żagański FZG
94%
powiat zielonogórski FZI
94%
powiat międzyrzecki FMI
93%
powiat wschowski FWS
92%
powiat nowosolski FNW
90%
Nie znaleziono quizów pasujących do podanych kryteriów
Rozkład punktacji
Procent ludzi z każdym wynikiem
Percentyl według liczby udzielonych odpowiedzi
Twoja historia wyników
Nie rozwiązałeś tego quizu